| 000 | 00949cam a2200277 a 4500 | ||
|---|---|---|---|
| 001 | 540234 | ||
| 005 | 20200108215908.0 | ||
| 008 | 191009s########tu#####||####|||||||tur|d | ||
| 009 | 00TUR0Y00HKB 201910090000ma | ||
| 020 | _a9786050503678 (karton kapak) | ||
| 040 |
_aANKA _btur _erda _cANKA |
||
| 041 | 0 | _atur | |
| 090 |
_aKB1072 _b.C46 2018 |
||
| 100 | 1 |
_aCenkci, Esra, _eyazar |
|
| 245 | 1 | 0 |
_aAnonim ortaklıkta yönetim kurulunun temsil yetkisinin devri / _cEsra Cenkci. |
| 260 |
_aAnkara : _bYetkin Yayınları, _c2018. |
||
| 300 | _a123 sayfa. | ||
| 336 |
_atext _2rdacontent |
||
| 337 |
_aunmediated _2rdamedia |
||
| 338 |
_avolume _2rdacarrier |
||
| 504 | _aKaynakça: sayfa 111-123. | ||
| 650 | 4 |
_aAnonim şirketler _zTürkiye |
|
| 650 | 4 |
_aTemsil (Hukuk) _zTürkiye |
|
| 650 | 4 |
_aŞirket yönetim kurulları _zTürkiye |
|
| 947 |
_a98776721 _b26469825 _c7 _d3 _eAnadolu Universitesi Kutuphanesi _fAnadolu - Merkez _g2019-10-21 12:30:16 |
||
| 999 |
_c200437030 _d55242 |
||